000 00341nam a2200145Ia 4500
008 191201s2008 xx 000 0 und d
082 _a621.392
_bPEV
100 _aPERRY, Douglas L.
245 0 _aVHDL Programming by Example
250 _aRep.
260 _aN.Delhi
_bTMH
_c2008
300 _a476
650 _aB.Tech(ECE)
942 _2ddc
_cBK
999 _c3861
_d3861